LEADER 01026nam 22003373 450 001 9910130626503321 005 20090210000000.0 010 $a88-8212-674-9 035 $a(CKB)3400000000020388 035 $a(ItFiC)it 02414370 035 $a(EXLCZ)993400000000020388 100 $a20101102d2009 uy 0 101 0 $aita 200 10$aProfilo critico del Romanticismo italiano /$fGiuseppe A. Camerino 210 $aNovara $cInterlinea$d2009 215 $a189 p. ;$d21 cm 225 0$aBiblioteca letteraria dell'Italia unita ;$v15 300 $aAuthor's name on t.p.: Giuseppe A. Camerino. 300 $aG. A. Camerino, professor at the Università del Salento. 320 $aIncludes bibliographical references. 676 $a850 676 $a858 676 $a851 676 $a809 700 $aCamerino$b Giuseppe Antonio$0198172 801 0$bItFiC 801 1$bItFiC 906 $aBOOK 912 $a9910130626503321 996 $aProfilo critico del Romanticismo italiano$9230156 997 $aUNINA LEADER 01073nam a2200241 i 4500 001 991000175649707536 008 090409s2006 it 000 0 ita d 020 $a8832461935 020 $a9788832461930 035 $ab13822639-39ule_inst 040 $aDip.to Studi Giuridici$bita 082 0 $a346.4504362 245 10$aTutela dell'acquirente degli immobili da costruire :$bapplicazione del D. lgs. 122/2005 e prospettive /$cFondazione italiana per il notariato 260 $aMilano :$bIl Sole 24 Ore,$c2006 300 $a204 p. ;$c24 cm. 440 2$aI quaderni della Fondazione italiana per il notariato ;$v1/2006 710 2 $aFondazione italiana per il notariato$eauthor$4http://id.loc.gov/vocabulary/relators/aut$0302028 907 $a.b13822639$b28-01-14$c09-04-09 912 $a991000175649707536 945 $aLE027 347.01 FIN06.01$g1$i2027000219216$lle027$og$pE15.00$q-$rl$s- $t0$u0$v0$w0$x0$y.i14952713$z09-04-09 996 $aTutela dell'acquirente degli immobili da costruire$91465195 997 $aUNISALENTO 998 $ale027$b09-04-09$cm$da $e-$fita$git $h0$i0